000 00425nam a2200181Ia 4500
001 15866
005 20260306170227.0
008 260306t2013||||xx |||||||||||||| ||und||
041 _aESP
082 _a620.112
_bG27
100 _aGasch Molina, Isabel
_eAUT
245 0 _aResistencia de materiales
260 _c2013
300 _a397 páginas :
_c24 cm.
650 _aGEN
654 _aCII
942 _cLIB
_dJUS
_fJUS
_2ddc
_n
999 _c15866
_d15866